00326 a2200109 450000500170000002000180001708200150003510000220005024500660007226000290013830000490016720250417093958.0 a0-9694037-0-4 a657.45 BRA aBRATHWAITE, D. G. aComprehensive Auditing: A New Approach for Internal Auditors. aCanada, bD and Jc1988. axv, 252p.: chartbBibliography & Indexc23cm